Industrial processing with membranes /

Guardado en:
Otros Autores: Lacey, Robert E., (Editor , ed.), Loeb, Sidney, (Editor , ed.)
Formato: Libro
Idioma:English
Publicado: New York : Wiley-Interscience, c1972.
Materias:
Etiquetas: Agregar Etiqueta
Sin Etiquetas, Sea el primero en etiquetar este registro!
LEADER 00870nam a22002415a 4500
001 EIQ.libpla002849
008 720605s1972####nyua#####b####001#0#eng#d
005 20070904153554.0
245 0 0 |a Industrial processing with membranes /  |c edited by Robert E. Lacey and Sidney Loeb. 
260 |a New York :  |b Wiley-Interscience,  |c c1972. 
300 |a x, 348 p. :  |b il. ;  |c 24 cm. 
504 |a Incluye referencias bibliográficas e índice. 
020 |a 0471511366 
700 1 |a Lacey, Robert E.,  |e ed.  |4 edt 
700 1 |a Loeb, Sidney,  |e ed.  |4 edt 
082 0 0 |a 660.2/8424 
650 4 |a Procesos  |x Separación (Tecnología). 
650 4 |a Procesos  |x Membranas (Tecnología). 
650 4 |a Processes  |x Membranes (Technology). 
650 4 |a Processes  |x Separation (Technology). 
010 |a  79178145  
040 |a DLC  |c DLC  |d AR-BbSID 
859 |a AR-BbSID  |b BIB. PLAPIQUI  |h 660.284 2  |i In 2  |p 1038